| 000 | 01300cam a22003737a 4500 | ||
|---|---|---|---|
| 003 | CHAP | ||
| 005 | 20220817044500.0 | ||
| 008 | 110923s2011 it r 00010 eng d | ||
| 010 | _a102199 | ||
| 011 | _a103171 | ||
| 020 | _a9789251068564 | ||
| 035 | _a113860 | ||
| 040 | _cCHAP | ||
| 082 | 1 | 0 |
_a631.5 _bF34y v.12 |
| 110 | 2 | _aFAO | |
| 245 | 1 | 3 |
_aGreen manure cover crops and crop rotation in conservation agriculture on small farms _c/por Miguel Ángel Florentín ...[et al.] |
| 260 |
_aRome : _bFAO, _c2011 |
||
| 300 |
_avii, 97 p. : _bilus., gráfs., tablas |
||
| 490 | 0 |
_aFAO. Gestión integrada de cultivos _v; 12 |
|
| 590 |
_aBATCH-UPD _b10 _c20130110 _lUCH01 _h1106 |
||
| 590 |
_aBATCH-UPD _b10 _c20130410 _lUCH01 _h0658 |
||
| 590 |
_aBATCH-UPD _b10 _c20130913 _lUCH01 _h1841 |
||
| 590 |
_aCONVERSION _b10 _c20130109 _lUCH01 _h1356 |
||
| 650 | 1 | 4 |
_aAbonos verdes. _9282 |
| 650 | 1 | 4 |
_aCultivos de cobertura. _930371 |
| 650 | 1 | 4 |
_aRotación de cultivos. _9100243 |
| 650 | 1 | 4 |
_aSuelos agrícolas. _9110531 |
| 650 | 1 | 4 |
_aSuelos _xDegradación. _9110336 |
| 700 | 1 |
_aFlorentín, Miguel Ángel. _941357 |
|
| 830 | 0 | 0 |
_aFAO. Gestión integrada de cultivos _v; 12 _939569 |
| 901 | _aBK | ||
| 942 | _cLIBRO | ||
| 949 |
_a631.5 F34y v.12 _bBC _cFAO _d33724002307941 _eFAO1 _gDonaciØn _h115857 _i113860 _sb |
||
| 999 |
_c102199 _d102199 |
||